000 02966nam a2200289Ia 4500
003 CO-CtgCURN
005 20260406151705.0
008 260325s1988 xx 000 0 und d
020 _a9684091109
040 _aCO-CtgCURN
_bspa
_ccoctgcurn
082 _a154.3
_bG687
100 _aGottschalk, Louis
_eautor
245 0 _aComo comprender y analizar sus propios sueños /
_cLouis Gottschalk; traducción., Departamento de Lenguas Extranjeras de Edamex
250 _a3 edición
260 _aMéxico :
_bEdamex,
_c1988
300 _a109 páginas ;
_c21 centímetros
500 _aTítulo original: How to understand and analyze your own dreams
500 _aIncluye introducción e índice
505 _aCap. I. La psicología de los sueños -- Teoría psicoanalítica clásica -- Teoría-freudiana de los sueños -- La nueva fisiología de los sueños -- Las drogas y los sueños -- Cap. II. Análisis e interpretación de los sueños -- El estímulo Onírico -- Teoría sobre la sobre determinación -- Teoría de los conflictos psicológicos actuales y de la vida en los sueños -- Rasgos comunes en los sueños de la misma persona. Sueños en pares y en serie -- Un análisis mas profundo del trabajo del sueño: simbolizacion, condensación y desplazamiento -- Cap. III. Un método de autoanálisis de los sueños -- El recuerdo y relato escrito de los sueños -- La determinación del estímulo onírico -- Asociación libre sobre el sueño (como unidad y en sus partes) -- La búsqueda de temas comunes -- Formulación de los conflictos psicológicos revelados en el sueño -- Ejemplos de analisis e interpretacion -- Cap. IV. Seguimiento de una serie de sueños -- Cap. V. Sueños recurrentes -- Cap. VI. Limitación en el análisis de los propios sueños.
520 _aCuando soñamos sentimos curiosidad por descubrir las causas y el significado de nuestros sueños. ¿Son los sueños premoniciones? ¿Son simples recuerdos inconscientemente resucitados? ¡Como nos gustaría saberlo, para comprender y analizar nuestros sueños!. Uno de los primeros sueños científicos de los sueños fue el realizado por Sigmund Freud hacia 1900, quien intentó comprender y explicar el funcionamiento de los deseos conscientes e inconsciente y los conflictos psicológicos de los sueños. Sus hallazgos constituyeron un avance importante en la investigación científica y sistemática de los sueños. Después de Freud, numeroso investigadores han hecho aportes valiosos en este terreno, mismos que el autor ofrece en este libro. Leyéndolo sabremos cómo proceder en el análisis moderno de los sueños, sin necesidad de recibir ayudar psicoterapéutica.
521 _aAREA BASICA
546 _aTraducido del Inglés
590 _aTodos los programas académicos
710 _aDepartamento de Lenguas Extranjeras de Edamex
_etraducción
942 _cBK
_h154.3
_iG687
_2ddc
999 _c50391
_d50391